000 03141nam a2200277Ia 4500
003 CO-CtgCURN
005 20260122220800.0
008 260122s2025 xx 000 0 und d
040 _aCO-CtgCURN
_bspa
_ccoctgcurn
082 _aTSO 2025
_bA185d
100 _aAcosta Segura, Gisella Camila
_eautora
245 0 _aDinámicas sociales que inciden en las manifestaciones suicidas en estudiantes entre los 9 y 17 años, de las instituciones educativas del municipio de Soledad, Atlántico durante el año 2024
_h[electronic resource] /
_cGisella Camila Acosta Segura; Luz Nevy Terraza Pupo; asesor., Rosario Joaquín Reales Vega
260 _aBarranquilla, Atlántico :
_bCorporación Universitaria Rafael Núñez,
_c2025
300 _a1 recurso en linea ( 93 páginas (PDF))
502 _aTrabajo de Grado (Trabajador Social). Corporación Universitaria Rafael Nuñez. Facultad de Ciencias Sociales y Humanas. Programa de Trabajo Social, 2025
504 _aIncluye referencias bibliográficas
520 _aEn los últimos años, el suicidio en adolescente se ha consolidado como una de las problemáticas sociales y de salud pública más preocupantes en Colombia, afectando especialmente a municipios en desarrollo como Soledad, Atlántico. Este fenómeno, lejos de ser un hecho aislado o individual, está estrechamente relacionado con una serie de dinámicas sociales, culturales, familiares y económicas que configuran el entorno cotidiano de los jóvenes. En Soledad, las condiciones de desigualdad social, la desintegración familiar y la violencia intrafamiliar constituyen factores que deterioran la estabilidad emocional de los adolescentes. Esta investigación busca analizar las dinámicas sociales que inciden en las manifestaciones suicidas en estudiantes entre los 9 y 17 años, de las instituciones educativas del municipio de Soledad, Atlántico, identificando los factores relevantes que las incrementan. La investigación se fundamenta en la necesidad de comprender las ideaciones suicidas adolescente no solo como un problema psicológico, sino como el reflejo de una sociedad que requiere fortalecer sus lazos familiares, comunitarios e institucionales para garantizar el bienestar emocional y social de su juventud. A pesar de la gravedad de las manifestaciones suicidas en la población infantil y adolescente, se constituyen como un fenómeno social y de salud pública, en el contexto colombiano aún son escasas las investigaciones que abordan esta problemática desde una perspectiva social, familiar y comunitaria, especialmente en municipios en desarrollo como Soledad, Atlántico.
521 _aAREA PROFESIONAL
590 _aPrograma de Trabajo Social_26
650 _aDerecho
_vTesis y disertaciones académicas
700 _aReales Vega, Rosario Joaquín
_easesor
700 _aTerraza Pupo, Luz Nevy
_eautora
856 _uhttps://unicurn.sharepoint.com/:b:/s/biblioteca/IQAaJ3namMPARZm1n0auk2acAe1xnSw9KvX6elYI9PP5lXE?e=Vf3L4G
_yConsulte aquí el texto completo
942 _cTG
_hTSO 2025
_iA185d
_2ddc
999 _c50278
_d50278